Statistics for Guess the Taylor Swift song no hints #44

Click here to take the quiz!

General Stats

  • This quiz has been taken 48 times
  • The average score is 259 of 318

Answer Stats

Answer% Correct
a
100%
and
100%
And
100%
I
100%
you
100%
You
100%
your
100%
we
97%
We're
97%
you're
97%
don't
94%
I'm
94%
it
94%
me
94%
my
94%
My
94%
The
94%
the
94%
to
94%
But
91%
but
91%
It's
91%
it's
91%
know
91%
why
91%
if
89%
in
89%
In
89%
so
89%
So
89%
there
89%
this
89%
when
89%
how
86%
I'd
86%
on
86%
with
86%
not
83%
of
83%
out
83%
get
80%
hand
80%
here
80%
take
80%
than
80%
Fearless
77%
fearless
77%
just
77%
want
77%
first
74%
head
74%
one
74%
right
74%
up
74%
best
71%
better
71%
Cause
71%
down
71%
gets
71%
now
71%
off
71%
Oh
71%
oh
71%
There's
71%
dress
69%
storm
69%
wanna
69%
way
69%
bout
66%
dance
66%
eyes
66%
hands
66%
looks
66%
middle
66%
road
66%
run
66%
Run
66%
something
66%
street
66%
town
66%
walk
66%
yeah
66%
Yeah
66%
ask
63%
drag
63%
drive
63%
hard
63%
kiss
63%
through
63%
wonder
63%
baby
60%
car
60%
driving
60%
lot
60%
makin
60%
moment
60%
parking
60%
really
60%
remember
60%
shake
60%
stay
60%
Til
60%
trying
60%
Absent
57%
capture
57%
caught
57%
cool
57%
glow
57%
hair
57%
pavement
57%
pull
57%
put
57%
rained
57%
slow
57%
stood
57%
usually
57%
flawless
54%
horse
54%
little
54%
more
54%
mindedly
51%
Well
51%
doorway
49%
passenger
49%
seat
49%
brave
40%

Score Distribution

Percentile by Number Answered

Percent of People with Each Score

Your Score History

You have not taken this quiz